000 00562cam a2200217ua 4500
001 11411
005 20260515114741.0
008 190917n ii |||gr||||Z||||||eng
020 _a9789385528873
040 _cMAIN
082 _a305
100 _aSanjay Gaur,
_eAuthor.
245 _aSocialequality :
_bnot a concept, it`s a necessity /
_cBy Sanjay Gaur .
250 _a1st ed.
260 _aJaipur:
_bYking books,
_c2018.
300 _a248p.
653 _aSocial groups
653 _aSocial equality
700 _aDinesh Dixit,
_eAuthor.
942 _cBK
999 _c10242
_d10242